[Event "Oberfranken-ch"]
[Site "Kronach"]
[Date "2025.03.08"]
[Round "6"]
[White "Fraass, Rudolf"]
[Black "Kreilinger, Kai"]
[Result "1-0"]
[WhiteElo "1776"]
[BlackElo "1184"]
[PlyCount "51"]
[EventDate "2025.03.06"]
[EventType "swiss"]
[EventRounds "7"]
[EventCountry "GER"]
[SourceTitle "CB13_2025"]
[SourceDate "2025.03.26"]
[SourceVersion "1"]
[SourceVersionDate "2025.03.26"]
[SourceQuality "1"]

1. d4 Nf6 2. c4 e6 3. Nf3 b6 4. g3 Bb7 5. Bg2 Ne4 6. 0-0 Be7 7. Qc2 f5 8. Nc3 Nf6 9. Re1 Bb4 10. Bd2 Bxc3 11. Bxc3 d5 12. cxd5 Bxd5 13. Rac1 Nbd7 14. Bb4 Rc8 15. Ng5 c5 16. Ba3 Bxg2 17. Kxg2 Qe7 18. dxc5 bxc5 19. Qb3 Nd5 20. Nf3 0-0 21. Red1 Rfd8 22. Nd4 N7b6 23. Qf3 Qb7 24. Nxe6 Re8 25. Nxc5 Qa8 26. Kg1 1-0

[Event "Oberfranken-ch"]
[Site "Kronach"]
[Date "2025.03.07"]
[Round "3"]
[White "Geisensetter, Franz"]
[Black "Fraass, Rudolf"]
[Result "1/2-1/2"]
[WhiteElo "1972"]
[BlackElo "1776"]
[PlyCount "77"]
[EventDate "2025.03.06"]
[EventType "swiss"]
[EventRounds "7"]
[EventCountry "GER"]
[SourceTitle "CB13_2025"]
[SourceDate "2025.03.26"]
[SourceVersion "1"]
[SourceVersionDate "2025.03.26"]
[SourceQuality "1"]

1. e4 e6 2. d4 d5 3. Nc3 dxe4 4. Nxe4 Nd7 5. Nf3 Ngf6 6. Bd3 Be7 7. c3 0-0 8. 0-0 c5 9. Be3 cxd4 10. Bxd4 Qc7 11. Qc2 h6 12. Nxf6+ Bxf6 13. Qe2 Bxd4 14. cxd4 b6 15. Rac1 Qd6 16. Qe4 Nf6 17. Qxa8 Ba6 18. Qxa7 Bxd3 19. Rfe1 Nd5 20. Ne5 Nf4 21. Rc7 Qd5 22. Nf3 Nh3+ 23. gxh3 Qxf3 24. Qb7 Qxh3 25. Qg2 Qf5 26. Rc3 Ba6 27. Qe4 Qg5+ 28. Rg3 Qd2 29. Qe5 g6 30. Qe3 Qb4 31. h4 h5 32. Kg2 Rd8 33. Rd1 Qxb2 34. Qd2 Qb5 35. Qf4 Qe2 36. Rg1 Bd3 37. Rg5 Bf5 38. Qe3 Qc4 39. Rd1 1/2-1/2

[Event "Oberfranken-ch"]
[Site "Kronach"]
[Date "2025.03.06"]
[Round "1"]
[White "Scheidt, Joerg"]
[Black "Fraass, Rudolf"]
[Result "1-0"]
[WhiteElo "1963"]
[BlackElo "1776"]
[PlyCount "75"]
[EventDate "2025.03.06"]
[EventType "swiss"]
[EventRounds "7"]
[EventCountry "GER"]
[SourceTitle "CB13_2025"]
[SourceDate "2025.03.26"]
[SourceVersion "1"]
[SourceVersionDate "2025.03.26"]
[SourceQuality "1"]

1. e4 e6 2. d4 d5 3. e5 c5 4. Qg4 cxd4 5. Nf3 Nc6 6. Bd3 Nge7 7. 0-0 Ng6 8. Re1 Qb6 9. h4 Bd7 10. h5 Nge7 11. a3 g6 12. h6 Nf5 13. Qh3 Na5 14. g4 Ne7 15. Bg5 Qxb2 16. Nbd2 Rc8 17. Bf6 Rg8 18. Ng5 Nc4 19. Reb1 Qc3 20. Nxc4 dxc4 21. Ne4 cxd3 22. Nxc3 dxc2 23. Ne4 cxb1Q+ 24. Rxb1 Nd5 25. Qd3 Nf4 26. Qd2 g5 27. Kh2 Rg6 28. Bxg5 Bc6 29. Nf6+ Rxf6 30. Bxf6 Nd5 31. Bg5 Nc3 32. Re1 Bc5 33. Qd3 Bb5 34. Qxh7 d3 35. Qg8+ Kd7 36. Qxf7+ Kc6 37. Qxe6+ Kc7 38. Qxc8+ 1-0